El nacimiento de la tragedia ; El caminante y su sombra ; La ciencia jovial / (Registro nro. 32081)
[ vista simple ]
| 000 -CABECERA | |
|---|---|
| campo fijo de control de longitud | 00820nam a2200253 4500 |
| 001 - NÚMERO DE CONTROL | |
| campo de control | 32081 |
| 003 - IDENTIFICADOR DEL NÚMERO DE CONTROL | |
| campo de control | AR-RoBPED |
| 005 - FECHA Y HORADE LA ULTIMA TRANSACCION | |
| campo de control | 20250924091316.0 |
| 008 - ELEMENTOS DE LONGITUD FIJA--INFORMACION GENERAL | |
| campo fijo de control de longitud | 250923s2010 es ||||er|||| 001 0 spa d |
| 020 ## - ISBN | |
| ISBN | 9788447377107 |
| 040 ## - FUENTE CATALOGADORA | |
| Centro catalogador/agencia de origen | AR-RoBPED |
| 041 ## - IDIOMA | |
| Código de idioma para texto/pista de sonido o título independiente | spa |
| 100 1# - ENCABEZAMIENTO PRINCIPAL--AUTOR PERSONAL | |
| Nombre de persona | Nietzsche, Friedrich |
| Fechas nac-muerte | 1844-1900 |
| 9 (RLIN) | 2266 |
| 245 1# - TITULO | |
| Título | El nacimiento de la tragedia ; El caminante y su sombra ; La ciencia jovial / |
| Mención de responsabilidad | Friedrich Nietzsche ; estudio introductorio por Germán Cano. |
| 260 ## - PUBLICACION | |
| Lugar | España : |
| Editor | Gredos, |
| Fecha | 2010. |
| 300 ## - DESCRIPCION FISICA | |
| Extensión | 610 p. |
| 650 #4 - TERMINO DE MATERIA--CONTROLADO | |
| Término controlado | FILOSOFIA |
| 9 (RLIN) | 19848 |
| Término controlado | METAFISICA |
| 9 (RLIN) | 1508 |
| Término controlado | MORAL |
| 9 (RLIN) | 718 |
| Término controlado | VALORES |
| 9 (RLIN) | 860 |
| 700 ## - ENCABEZAMIENTO SECUNDARIO--AUTOR PERSONAL | |
| Nombre de persona | Cano, Germán |
| 9 (RLIN) | 30321 |
| Función | Estudio introductorio |
| 942 ## - ELEMENTOS KOHA | |
| Fuente de clasificación | Universal Decimal Classification |
| Número Koha | k. 32081 |
| Koha tipo de ítem | Libro |
| Clasificación | 17 |
| Signatura librística | N 56 |
| Inventario | inv. 42159 |
| 945 ## - PROCESAMIENTO DE LA INFORMACIÓN LOCAL | |
| Catalogador y fecha | mm 23/09/2025 - cd 24/09/2025 |
| Estado retirado | Estado perdido | Fuente de clasificación | Estado dañado | No se presta | Biblioteca propietaria | Biblioteca de reserva | Fecha de adquisición | Procedencia | Total de préstamos | Signatura topográfica completa | Código de barras (nº de inventario) | Fecha visto por última vez | Catalogador y fecha | Tipo de ítem Koha | Nota pública |
|---|---|---|---|---|---|---|---|---|---|---|---|---|---|---|---|
| Universal Decimal Classification | Biblioteca Pedagógica Eudoro Díaz | Biblioteca Pedagógica Eudoro Díaz | 08/09/2025 | donación | 17 N 56 | 42159 | 23/09/2025 | mm 23/09/2025 | Libro | Se presta 15 días. |